Náboženstvo a nihilizmus z pohľadu filozofie existencie a fenomenológie

Na minha lista:
Detalhes bibliográficos
Outros Autores: Muránsky, Martin
Formato: Livro
Idioma:eslovaco
Publicado em: Bratislava Filozofický ústav SAV 2010
Assuntos:
Tags: Adicionar Tag
Sem tags, seja o primeiro a adicionar uma tag!

MARC

LEADER 00000nam a2200000 4500
001 0123593
005 20240109072148.2
020 |a 978-80-970494-0-9 
041 0 |a slo 
044 |a SK 
245 1 0 |a Náboženstvo a nihilizmus  |b z pohľadu filozofie existencie a fenomenológie  |c Martin Muránsky et al. 
264 1 |a Bratislava  |b Filozofický ústav SAV  |c 2010 
300 |a 229 s. 
610 2 0 |a náboženstvo 
610 2 0 |a filozofia 
610 2 0 |a osobnosť 
610 2 0 |a morálka 
610 2 0 |a kresťanstvo 
700 1 |a Muránsky, Martin